000 00366nam a22001337a 4500
008 230629b xxu||||| |||| 00| 0 eng d
020 _a9211043824
082 _a338.9
_bVAN 1992
245 _aImpications of the Single European Act for Non-Member Countries
_bPart I
260 _aNew York
_bUnited Nations
_c1992
300 _aX,257p
440 _n21
942 _2ddc
_cBK
999 _c3031
_d3031